Tilastot visalle Yleistieto #5

Klikkaa tästä pelataksesi tätä visaa!

Yleistilastot

  • Tätä visaa on pelattu 364 kertaa
    (258 viimeisimmän päivityksen jälkeen)
  • Keskiarvotulos 8 / 15

Vastaustilastot

VinkkiVastaus% Oikein
Mikä on Valko-Venäjän pääkaupunki?Minsk
87%
Minkä kaupungin nähtävyyksiä Colosseum on?Rooman
86%
Kuka oli Suomen presidentti vuosina 1940-1944?Risto Ryti
82%
Minä vuonna John F.Kennedy murhattiin?1963
68%
Mitä "Saksa" on ruotsiksi?Tyskland
62%
Minkä Yhdysvaltojen osavaltion pääkaupunki on Austin?Texasin
62%
Mistä kaupungista Hanoi Rocks on kotoisin?Helsingistä
58%
Mikä on Ranskan toiseksi suurin kaupunki?Marseille
56%
Missä kaupungissa oli kesäolympialaiset vuonna 1972?Münchenissä
34%
Mikä on Japanin pääsaari?Honsu
34%
Minkä autonvalmistajan mallin nimi on Amazon?Volvon
34%
Mikä on Etelä-Amerikan suurin kaupunki?Sao Paulo
33%
Kuka on ohjannut Taru Sormusten Herrasta-trilogian?Peter Jackson
29%
Kenen hitti on "Girls Just Want to Have Fun"?Cyndi Lauperin
23%
Kuka kehitti termin 'peniskateus'?Siegmund Freud
20%

Tulosjakauma

Persentiili vastausten määrän mukaan

Jokaisen tuloksen saaneiden osuus

Tuloshistoriasi

Et ole pelannut tätä visaa sen viimeisimmän päivityksen jälkeen